Retail Marchandising (Record no. 1952)

MARC details
000 -LEADER
fixed length control field 00403nam a22001697a 4500
005 - DATE AND TIME OF LATEST TRANSACTION
control field 20160527115308.0
008 - FIXED-LENGTH DATA ELEMENTS--GENERAL INFORMATION
fixed length control field 160527b xxu||||| |||| 00| 0 eng d
020 ## - INTERNATIONAL STANDARD BOOK NUMBER
ISBN 978-0-07-14497-2
041 ## - LANGUAGE CODE
Language code of text/sound track or separate title eng
082 ## - DEWEY DECIMAL CLASSIFICATION NUMBER
Item number 5494
100 ## - MAIN ENTRY--AUTHOR NAME
Personal name Bradhan, Swapna
245 ## - TITLE STATEMENT
Title Retail Marchandising
260 ## - PUBLICATION, DISTRIBUTION, ETC. (IMPRINT)
Place of publication New Delhi
Name of publisher Academic Faundation
300 ## - PHYSICAL DESCRIPTION
Number of Pages 217
650 ## - SUBJECT ADDED ENTRY--TOPICAL TERM
Topical Term Management
942 ## - ADDED ENTRY ELEMENTS (KOHA)
Koha item type Books
Holdings
Lost status Damaged status Collection code Home library Current library Shelving location Date acquired Full call number Accession Number Koha item type
    MANAGEMENT JRU Library JRU Library SHELF- 67 H 27/05/2016 5494 5494 Books
    MANAGEMENT JRU Library JRU Library SHELF- 67 H 27/05/2016 5494 5495 Books
    MANAGEMENT JRU Library JRU Library SHELF- 67 H 27/05/2016 5494 5496 Books
    MANAGEMENT JRU Library JRU Library SHELF- 67 H 27/05/2016 5494 5497 Books
      JRU Library   SHELF- 67 H 27/05/2016 5494 5498 Books
    MANAGEMENT JRU Library JRU Library SHELF- 67 H 27/05/2016 5494 5499 Books
    MANAGEMENT JRU Library JRU Library SHELF- 67 H 27/05/2016 5494 5500 Books
    MANAGEMENT JRU Library JRU Library SHELF- 67 H 27/05/2016 5494 5501 Books
    MANAGEMENT JRU Library JRU Library SHELF-36-G 27/05/2016 5494 5502 Books
    MANAGEMENT JRU Library JRU Library SHELF- 67 H 27/05/2016 5494 5503 Books